Score 0/49 Timer 03:00
5 Plays Today
Clue Answer % Correct
Has 9 Lives.■ CAT ■
99.9%
Sylvester (for one).■ CAT ■
99.9%
Leopard Family.■ CAT ■
99.9%
Garfield (for one).■ CAT ■
99.9%
Tom (for one).■ CAT ■
99.9%
Tiger Family.■ CAT ■
99.9%
Evolved Red Dwarf (TV) Character.■ CAT ■
99.9%
Lion Family.■ CAT ■
99.9%
Feline.■ CAT ■
99.9%
Baseball Hat.CAP
98.5%
Policeman.COP
97.1%
Tit for __.TAT
92.7%
Baby Dog.PUP
92.5%
Director's shout.CUT
91.8%
US Army bed.COT
91.5%
Baby Bear.CUB
91.5%
Sewer Rodent.RAT
91.3%
Hot Drink Container.CUP
91.3%
Not Wet.DRY
90.3%
Shed Tears.CRY
89.7%
Any of Seven in a Week.DAY
88.8%
Massage.RUB
88.2%
Is Able.CAN
87.8%
Yellow Ones in NY.CAB
87.7%
Stuck in a __ (Drab Routine).RUT
87.7%
Clue Answer % Correct
Three Strikes & You're __.OUT
87.1%
Sign of a Shark.FIN
85.7%
Automobile.CAR
85.4%
Infant.TOT
85.2%
Both Mine & Yours.OUR
85%
Hanna-Barbera's __ Cat.TOP
83.6%
Supporter.FAN
82.8%
Not Athletic.FAT
82.4%
__ & Ball.BAT
81%
Athletic.FIT
80.9%
Suitcase.BAG
77.4%
Cereal Grass.OAT
77.4%
A Small Low Island.CAY
76%
Took a Chair.SAT
75.8%
Old TV Technology (Acronym).CRT
74.5%
Place. Almost a Golf Stroke.PUT
73.9%
Swamp.BOG
73.8%
Clockwork Gear.COG
73.2%
Mongrel Dog.CUR
72.6%
Crow Cry.CAW
71%
Woodcutter's Tool.SAW
70.8%
Cartoon Postman.PAT
70.7%
Bovine.COW
69.5%
Seed Land.SOW
63.2%

Today's Daily Dose

Remove Ads.
Support Sporcle.
Get the best of Sporcle when you Go Orange. This ad-free experience offers more features, more stats, and more fun while also helping to support Sporcle. Thank you for becoming a member.

You're not logged in!

Compare scores with friends on all Sporcle quizzes.
OR
Log In

Show Comments

Extras

Top Quizzes Today


Score Distribution

Your Account Isn't Verified!

In order to create a playlist on Sporcle, you need to verify the email address you used during registration. Go to your Sporcle Settings to finish the process.

Report this User

Report this user for behavior that violates our Community Guidelines.

Details: